Inventory Control Systems Used In Manufacturing Industries:A Case Study Of Ghana Cement Factory And Takoradi Flour MILLS LTD. (Record no. 6053)

MARC details
000 -LEADER
fixed length control field 00457nam a22001217a 4500
008 - FIXED-LENGTH DATA ELEMENTS--GENERAL INFORMATION
fixed length control field 160909b xxu||||| |||| 00| 0 eng d
050 ## - LIBRARY OF CONGRESS CALL NUMBER
Classification number 128/2008
245 ## - TITLE STATEMENT
Title Inventory Control Systems Used In Manufacturing Industries:A Case Study Of Ghana Cement Factory And Takoradi Flour MILLS LTD.
Statement of responsibility, etc. Appoh, Jemima
260 ## - PUBLICATION, DISTRIBUTION, ETC.
Place of publication, distribution, etc. Accra:
Name of publisher, distributor, etc. Wisconsin International University College;
Date of publication, distribution, etc. June,2008.
300 ## - PHYSICAL DESCRIPTION
Extent Various pagings:
700 ## - ADDED ENTRY--PERSONAL NAME
Personal name Appoh,Jemimah
942 ## - ADDED ENTRY ELEMENTS (KOHA)
Source of classification or shelving scheme Library of Congress Classification
Koha item type Reference
Holdings
Withdrawn status Lost status Source of classification or shelving scheme Damaged status Not for loan Home library Current library Shelving location Date acquired Total Checkouts Full call number Date last seen Price effective from Koha item type
    Library of Congress Classification   Not For Loan WISCONSIN INTERNATIONAL UNIVERSITY COLLEGE, GHANA - MAIN LIBRARY WISCONSIN INTERNATIONAL UNIVERSITY COLLEGE, GHANA - MAIN LIBRARY SERIALS 09/09/2016   128/2008 09/09/2016 09/09/2016 Reference
    Library of Congress Classification     WISCONSIN INTERNATIONAL UNIVERSITY COLLEGE, GHANA - MAIN LIBRARY WISCONSIN INTERNATIONAL UNIVERSITY COLLEGE, GHANA - MAIN LIBRARY   09/09/2016   128/2008 09/09/2016 09/09/2016 Reference

If you have any concerns or questions; kindly contact the library


© Powered by WIUC ICT DIRECTORATE